Szczegóły MARC21

Le français dans tous les sens : grandes et petites histoires de notre langue /

005 -DATA I CZAS OSTATNIEJ MODYFIKACJI [,]
    • @
    • pole kontrolne
    • 20110523100935.0
020 -Międzynarod. znormalizowany nr książki - ISBN [ , ]
    • a
    • Numer ISBN
    • 9782757802458 Find
040 -Instytucja sporządzająca opis [ , ]
    • a
    • Instytucja, która sporządziła opis (NP)
    • SZCZ U/KLR
    • c
    • Instytucja, która sporządziła rekord (NP)
    • SZCZ U/KLR
    • d
    • Instytucja, która zmodyfikowała rekord (P)
    • SZCZ U/JŚ
041 -Język dokumentu [0, ]
    • a
    • Język tekstu (P)
    • francuski
044 -Kraj miejsca wydania [ , ]
    • a
    • Kraj miejsca wydania
    • Francja
942 -Rodzaj dokumentu [ , ]
    • c
    • Rodzaj dokumentu
    • Książka
100 -Hasło główne - nazwa osobowa [1, ]
    • 9
    • KHW
    • 24417
    • a
    • Nazwa osobowa (NP)
    • Walter, Henriette
    • d
    • Daty biograficzne (NP)
    • (1929- ).
245 -Strefa tytułu i oznaczenia odpowiedzialności [1,3]
    • a
    • Tytuł
    • Le français dans tous les sens : Find
    • b
    • Ciąg dalszy tytułu (NP)
    • grandes et petites histoires de notre langue / Find
    • c
    • Pozostałe elementy strefy tytułu i oznaczenia odpowiedzialności (NP)
    • Henriette Walter ; préf. d'André Martinet.
260 -Strefa adresu wydawniczego [ , ]
    • a
    • Miejsce wydania (P)
    • Paris :
    • b
    • Nazwa wydawcy (P)
    • Robert Laffont,
    • c
    • Data wydania (P)
    • 2010.
830 -Hasło dodatkowe serii i opisu książki wielotomowej - tytuł ujednolicony/tytuł [ ,0]
    • 9
    • KHW
    • 24420
    • a
    • Tytuł ujednolicony/tytuł (NP)
    • Le Goût des Mots
    • x
    • ISSN
    • 1952-1774
830 -Hasło dodatkowe serii i opisu książki wielotomowej - tytuł ujednolicony/tytuł [ ,0]
    • 9
    • KHW
    • 24421
    • a
    • Tytuł ujednolicony/tytuł (NP)
    • Points
    • v
    • Oznaczenie tomu (NP)
    • 2001
    • x
    • ISSN
    • 0768-0481
500 -Uwaga ogólna [ , ]
    • a
    • Uwaga ogólna (NP)
    • 1te publication, cop. 1988, ISBN 2-221-05254-4.
504 -Uwaga dot. bibliogr. załącznikowej [ , ]
    • a
    • Uwaga dot. bibliografii załącznikowej
    • Bibliogr. Ind.
080 -Uniwersalna Klasyfikacja Dziesiętna [ , ]
    • 2
    • Identyfikator wydania tablic
    • UDC-P058
    • 9
    • UKD
    • 8351
    • a
    • Symbol klasyfikacji
    • 811.133.1(091)
    • b
    • Dopowiedzenie
    • Historia języka francuskiego.
    • 4
    • UKD2
    • 7653
    • x
    • Poddział wspólny
    • =133.1
    • c
    • Dopowiedzenie poddz. wspólnego
    • =Język francuski.
080 -Uniwersalna Klasyfikacja Dziesiętna [ , ]
    • 2
    • Identyfikator wydania tablic
    • UDC-P058
    • 9
    • UKD
    • 24416
    • a
    • Symbol klasyfikacji
    • 811.133.1'282
    • b
    • Dopowiedzenie
    • Język francuski. - Dialekty. Język lokalny i regionalny. Warianty językowe. Gwary i narzecza.
    • 4
    • UKD2
    • 7653
    • x
    • Poddział wspólny
    • =133.1
    • c
    • Dopowiedzenie poddz. wspólnego
    • =Język francuski.
980 -Symbol UKD [ , ]
    • a
    • UKD
    • 811.133.1(091):811.133.1'282]=133.1
700 -Hasło dodatkowe - nazwa osobowa [1, ]
    • 9
    • KHW
    • 24418
    • a
    • Nazwa osobowa (NP)
    • Martinet, André Find
    • d
    • Daty biograficzne (NP)
    • (1908-1999).
    • e
    • Określenie rodzaju współpracy
    • Przedm.
920 -ISBN [ , ]
    • a
    • ISBN
    • 978-2-7578-0245-8 Find
Numer inwentarzowy Sygnatura Status udost. Lokalizacja Data inwentaryzacji
A.8820FR. Językoznawstwo 131BM2011-04-11